000 00331nam a2200145Ia 4500
008 191201s2009 xx 000 0 und d
082 _a658.87
_bBLC
100 _aBLACKWELL, Roger
245 0 _aConsumer Behavior
250 _aRep.
260 _aN.Delhi
_bSouth western
_c2009
300 _a784
650 _aMBA
942 _2ddc
_cBK
999 _c3539
_d3539